| 000 | 00693cab a2200241 4500 | ||
|---|---|---|---|
| 001 | WB3209-61 | ||
| 008 | 090401t1996 xxu||||| |||| 00| 0 eng d | ||
| 035 | _a(Sirsi) u40438 | ||
| 041 | _aeng | ||
| 245 | _aThameslink | ||
| 260 | _c1996 | ||
| 350 | _a0 | ||
| 490 |
_aTimes _v28 February 1996, 5 |
||
| 490 |
_aFinancial Times _v28 February 1996, 11(2) |
||
| 520 | _aSummarises plans for Thameslink 2000 which will allow rail links through London, joining the south coast with East Anglia. Map. | ||
| 650 | _aRAIL NETWORK | ||
| 650 | _aRAILTRACK | ||
| 650 | _aRAILWAYS | ||
| 650 | _aTHAMESLINK 2000 | ||
| 690 | _aTRANSPORT AND COMMUNICATIONS | ||
| 942 | _n0 | ||
| 948 | _c04/03/1997 | ||
| 999 |
_c25920 _d25920 |
||